Most Popular Girls Names in North Carolina - Statistics

General Stats
  • This quiz has been taken 133 times
  • The average score is 9 of 20
Answer Stats
Hint Answer % Correct
1980-87 Jennifer
69%
2002-12 Emma
62%
1980-96 Jessica
61%
2011-12 Olivia
60%
1989-02, 2004 Sarah
60%
1997-08 Emily
57%
1982-97 Ashley
55%
2010-12 Sophia
54%
2007-12 Ava
53%
1996-06 Hannah
53%
1980-92 Amanda
50%
2009-12 Isabella
48%
1998-10 Madison
47%
1986-95 Brittany
40%
2003, 2005-09 Abigail
34%
1980-81 Melissa
34%
1984-85 Heather
29%
1993-01 Taylor
26%
1988 Tiffany
26%
1980-83 Crystal
17%
No matching quizzes found
Score Distribution
Percent of People with Each Score
Percentile by Number Answered
Your Score History
You have not taken this quiz